000
00198 a2200097 4500
001
1479
100
_a
Boyd, T.E
245
_a
Strength of materials
260
_a
_b
Mcgrawhill
_c
090
_c
1022
_d
1022
942
_a
NUST-CAE
_c
M
_c
248
999
_c
236552
_d
236552